Miguel Street (Registo nº 5974)
[ vista simples ]
| 000 -Etiqueta do registo | |
|---|---|
| Valores | 01251cam a2200229 4500 |
| 010 ## - Número ISBN | |
| ISBN | 9722023055 |
| 021 ## - Número do Depósito Legal | |
| Número | 183931/02 |
| 100 ## - Dados gerais de processamento | |
| Dados gerais | 20211231d2003 m||y0pory5003 ba |
| 200 1# - Titulo e menção de responsabilidade | |
| Título próprio | Miguel Street |
| Primeira menção de responsabilidade | V. S. Naipaul |
| Outras menções de responsabilidade | trad. Sofia Slotboom |
| 210 #9 - Publicação | |
| Local de publicação | Lisboa |
| Nome do editor | Dom Quixote |
| Data de publicação | 2003 |
| 215 ## - Descrição física | |
| Paginação / Volumes | 207, [6] p. |
| 225 2# - Colecção | |
| Título próprio da colecção | Ficção Universal |
| Indicação de volume | 302 |
| 330 ## - Sumário ou Resumo | |
| Texto da nota | Um íman para poetas, filósofos, professores, trovadores e inadaptados que povoam a colorida e agitada cidade de Port of Spain, Miguel Street é um lugar onde histórias de glória e devassidão rivalizam com solenes declarações de amor e ódios ferozes, onde os dramas vizinhos são discutidos com paixão e prolixamente partilhados por todos, às vezes numa linguagem fluente, outras num acalorado patois, mas sempre com o sol brilhante e abrasador como pano de fundo. Miguel Street é um teatro vivo, um mundo em microcosmo, uma cacofonia de vistas, sons e cheiros vistos através dos olhos de um jovem órfão. |
| 606 ## - Nome comum usado como assunto | |
| ID Autoridade | 13 |
| Palavra de ordem | Literatura Estrangeira |
| 675 ## - CDU | |
| Notação | 821.111(729.87)-31"19" |
| Edição | BN |
| Língua | por |
| 700 ## - Autor principal (pessoa individual) | |
| Apelido | Naipaul |
| Nome | V. S. |
| Datas | 1932-2018 |
| ID Autoridade | 5608 |
| 702 ## - Autor secundário (pessoa individual) | |
| Apelido | Slotboom |
| Nome | Sofia |
| ID Autoridade | 4000 |
| 801 ## - Fonte de origem | |
| País | PT |
| Agência | BMVN |
| Regras de catalogação | RPC |
| 830 ## - Notas gerais do catalogador | |
| Criado por | Inês Silva |
| Data de criação | 31/12/2021 |
| 990 ## - Elementos KOHA | |
| Tipo de documento | Livro |
| Situação do levantamento | Biblioteca de origem | Código de barras | Cota | Permissão de empréstimo | Tipo de documento | Forma de aquisição |
|---|---|---|---|---|---|---|
| Biblioteca Municipal de Vendas Novas | 100000028196 | LE NAI/MIG | Livro |